| 000 | 00588nam a2200193 a 4500 | ||
|---|---|---|---|
| 005 | 20240925065535.0 | ||
| 008 | 991125s1950 mx 000 0 spa u | ||
| 035 | _aUPN01000006692 | ||
| 049 | _aCG | ||
| 050 | 4 |
_aHC163 _bF3.2 |
|
| 100 | 1 | _aFabregat Cúneo, Roberto | |
| 245 | 1 | 0 |
_aCaracteres sudamericanos / _cpor Roberto Fabregat Cúneo. |
| 260 |
_aMéxico : _bUNAM, Instituto de Investigaciones Sociales, _c1950. |
||
| 300 | _a174 p. | ||
| 440 | 0 | _aCuadernos de sociología | |
| 650 | 4 |
_aSociología _95756 |
|
| 651 | 4 |
_aAMERICA DEL SUR - _xCONDICIONES SOCIALES _92689 |
|
| 905 | _aLibro | ||
| 999 |
_c6692 _d6692 |
||